Workers in an integrating world / (Record no. 60971)
[ view plain ]
| 000 -LEADER | |
|---|---|
| fixed length control field | 00719nam a2200241 a 4500 |
| 001 - CONTROL NUMBER | |
| control field | 60971 |
| 003 - CONTROL NUMBER IDENTIFIER | |
| rucl marc code | BD-RjUL |
| 005 - DATE AND TIME OF LATEST TRANSACTION | |
| control field | 20211209080916.0 |
| 008 - FIXED-LENGTH DATA ELEMENTS--GENERAL INFORMATION | |
| fixed length control field | 170104s1995 waua 000 0 eng |
| 020 ## - INTERNATIONAL STANDARD BOOK NUMBER | |
| International Standard Book Number | 0195211030 |
| 035 ## - SYSTEM CONTROL NUMBER | |
| System control number | (BD-RjUL)61095 |
| 040 ## - CATALOGING SOURCE | |
| Original cataloging agency | DLC |
| Transcribing agency | DLC |
| Language of cataloging | eng |
| Modifying agency | BD-RjUL |
| 041 ## - LANGUAGE CODE | |
| Language code of text/sound track or separate title | eng |
| 082 ## - DEWEY DECIMAL CLASSIFICATION NUMBER | |
| Edition number | 23 |
| Classification number | 331.11091724 |
| Author mark and year | WOW 1995 |
| 110 ## - MAIN ENTRY--CORPORATE NAME | |
| Corporate name or jurisdiction name as entry element | World Bank |
| 9 (RLIN) | 171728 |
| 245 00 - TITLE STATEMENT | |
| Title | Workers in an integrating world / |
| Statement of responsibility, etc. | World Bank |
| 260 ## - PUBLICATION, DISTRIBUTION, ETC. (IMPRINT) | |
| Place of publication, distribution, etc. | Washington : |
| Name of publisher, distributor, etc. | University Press, |
| Date of publication, distribution, etc. | c1995. |
| 300 ## - PHYSICAL DESCRIPTION | |
| Pagination | ix, 251 p. : |
| Illustrations | ill. ; |
| Size | 27 cm. |
| 490 ## - SERIES STATEMENT | |
| Series statement | World development report, 1995 |
| 650 ## - SUBJECT ADDED ENTRY--TOPICAL TERM | |
| Topical term or geographic name as entry element | Labor |
| General subdivision | Developing countries. |
| 9 (RLIN) | 181820 |
| Topical term or geographic name as entry element | Labor policy |
| General subdivision | Developing countries. |
| 9 (RLIN) | 181821 |
| 942 ## - ADDED ENTRY ELEMENTS (KOHA) | |
| Source of classification or shelving scheme | Dewey Decimal Classification |
| Koha item type | Books |
| Lost status | Source of classification or shelving scheme | Damaged status | Not for loan | Collection code | Permanent Location | Current Location | Shelving location | Date acquired | Source of acquisition | Cost, normal purchase price | Total Checkouts | Full call number | Date last seen | Copy number | Koha item type |
|---|---|---|---|---|---|---|---|---|---|---|---|---|---|---|---|
| Dewey Decimal Classification | Non-fiction | Central Library, University of Rajshahi | Central Library, University of Rajshahi | Reading Room | 24/11/1998 | Ahsania Mission Book Dis: House, Dhaka | 880.50 | 331.11091724 WOW 1995 | 04/01/2017 | C-1 | Books |